| 000 | 01086nam a22003017a 4500 | ||
|---|---|---|---|
| 001 | 7828 | ||
| 003 | FISKH | ||
| 005 | 20250811141914.0 | ||
| 008 | 250811b cb ||||| |||| 00| 0 eng d | ||
| 020 | _a079450583X | ||
| 040 |
_aFISKH _beng _cFISKH _dFISKH |
||
| 050 | _aPZ7.P974152 S | ||
| 082 | _a823.92 | ||
| 100 | _aPunter, Russell | ||
| 245 |
_aStories of pirates / _cRussell Punter ; Illustratted by Christyan Fox |
||
| 250 | _aThis edition first published in 2007 | ||
| 260 |
_aLondon : _bUsborne, _c2004 |
||
| 300 |
_a48 pages : _bcolor illustrations ; _c20 cm |
||
| 505 | _aP | ||
| 520 | _aIn three tales, Pirate School graduate Charlie Crossbones buys a used parrot with a most upsetting habit, Molly Mullet uses her piloting skills to trick Captain Spike, and cabin boy Sam Sardine searches for the mysterious Masked Pirate. | ||
| 521 | 8 |
_a610
_bLexile |
|
| 521 | 8 |
_aP
_bRaz-Plus |
|
| 650 |
_2Pirates _aUsborne |
||
| 650 |
_2Elementary - fiction PUN _aSummer Fun Festival |
||
| 700 |
_aFox, Christyan _dillustrator |
||
| 942 |
_2ddc _cBK _n0 |
||
| 999 |
_c7828 _d7828 |
||